00432nam a2200157Ia 4500003000900000008004100009020001800050040001600068080001600084100002400100245006900124260003900193300001300232650001400245650001500259IN-BaIIA211028s9999 xx 000 0 eng d a81-7023-578-2 cIIA Library a531.19bBHA aBhattacharjee, J. K 0aStatistical mechanicsban introductory textcJ. K. Bhattacharjee aNew DelhibAllied Publishersc1996 ax, 242p. aMechanics aStatistics